000 00303nam a2200133Ia 4500
005 20251222141815.0
008 251222s9999||||xx |||||||||||||| ||spa||
020 _a9788437066516
082 _a791/U61
245 0 _aAnanda Dansa:
250 _a1ra. ed.
264 _bTextos i Imatges, S.A.
942 _cLIB
999 _c6616
_d6616